[Event "EU-chT (Men) 14th"]
[Site "Plovdiv"]
[Date "2003.10.19"]
[Round "8.2"]
[White "Pelletier, Yannick"]
[Black "Kurajica, Bojan"]
[Result "1-0"]
[WhiteElo "2604"]
[BlackElo "2557"]
[Annotator "Pelletier,Y"]
[PlyCount "109"]
[EventDate "2003.10.10"]
[EventType "team-swiss"]
[EventRounds "9"]
[EventCountry "BUL"]
[SourceTitle "CBM 098"]
[Source "ChessBase"]
[SourceDate "2004.02.03"]
[SourceVersion "1"]
[SourceVersionDate "2004.02.03"]
[SourceQuality "1"]
[WhiteTeam "Switzerland"]
[BlackTeam "Bosnia&Herzegovina"]
[WhiteTeamCountry "SUI"]
[BlackTeamCountry "BIH"]

1. d4 e6 2. Nf3 Nf6 3. c4 Bb4+ 4. Bd2 Qe7 5. g3 Bxd2+ 6. Qxd2 O-O 7. Nc3 d6 8.
Bg2 c6 ({Kurajica ist ein flexibler Spieler, der vor Nebenvarianten nicht
scheut. Hier ist das theoretische} 8... e5 {sicher genauer.}) 9. e4 e5 (9... b6
10. O-O Ba6 11. e5 $5 {und}) (9... d5 10. e5 Ne8 11. O-O {sehen für Weiss
angenehmer aus.}) 10. O-O Bg4 11. Nh4 $5 a6 $6 {[%csl Rb8]} ({Man durfte auch
die Entwicklung mittels} 11... Na6 {beenden}) 12. Rfe1 Re8 13. b3 (13. h3 Be6
14. b3 b5) (13. Nf5 Qf8) 13... g6 (13... b5 14. Nf5 $1 $36) 14. h3 Bc8 15. Rad1
(15. Nf3 b5) 15... b5 16. Nf3 ({Nach langem Nachdenken entschied ich mich für
die Rückkehr. Ich analysierte auch} 16. Qg5 $5 {[%cal Gh4f5] , verwarf aber
das Endspiel nach} Nd5 $5 ({schlechter sind} 16... b4 17. Na4 $14) ({und} 16...
Kh8 17. c5 dxc5 18. dxe5 Qxe5 19. Qxe5 Rxe5 20. f4 Re8 21. e5 $16) 17. Qxe7 (
17. Qc1 Nf4 $1) 17... Nxe7 {Doch nach} 18. Nf3 (18. c5 $6 exd4 19. cxd6 dxc3
20. dxe7 Ra7 $1 (20... b4 $5 21. Rd8 Bd7)) (18. dxe5 dxe5 19. Nf3 $14) 18... f6
19. dxe5 dxe5 20. Rd6 Kf7 21. Red1 Be6 22. Bf1 $14 {[%csl Rb8] ist Weiss
besser entwickelt.}) 16... Bb7 17. g4 $5 Kg7 $6 ({Mein letzter etwas riskanter
Zug sollte} 17... Nbd7 $2 {verhindern:} 18. dxe5 Nxe5 (18... dxe5 19. g5 {
[%csl Rd7]}) 19. Qxd6) ({Kaum befriedigend ist auch} 17... bxc4 18. bxc4 Nbd7
19. dxe5 Nxe5 20. Qxd6 Nxc4 21. Qxe7 Rxe7 22. Rd4 $16) ({Richtig war aber} 
17... Nfd7 $1 $13 {[%csl Rf4][%cal Gd7f8,Gf8e6,Yb8d7] mit der Idee Nf8 und
erst danach Nbd7. Gelegnetlich kann auch dann Ne6-f4 folgen.}) 18. c5 ({
Die richtige Idee, aber vor ihrer Ausführung hätte noch} 18. g5 $1 Nh5 {
geschehen sollen, dann hätte} 19. c5 dxc5 20. dxe5 {[%csl Rb8,Rh5] sehr an
Kraft gewonnen.}) 18... dxc5 19. dxe5 Nfd7 20. Qf4 ({Energischer war} 20. e6 $5
fxe6 (20... Qxe6 21. e5 $36) 21. e5 $36 {[%csl Gg2][%cal Gc3e4,Ge4d6] , wonach
die schwarzen Figuren im Käfig des Damenflügels verblieben wären.}) 20... Nb6 (
20... Nxe5 21. Qxe5+ Qxe5 22. Nxe5 Rxe5 23. f4 Re7 24. e5 $16) (20... Nf8 21.
Qf6+ Kg8 (21... Qxf6 22. exf6+ Kxf6 23. e5+ $16) 22. Qxe7 Rxe7 23. g5 $36) 21.
a4 (21. g5 N8d7 22. Qf6+ Kg8 23. Qxe7 Rxe7 24. a4 b4 25. a5 bxc3 26. axb6 $14 {
/\ Rc1xc3}) 21... b4 $6 ({Es ist unnatürlich aus, mit dem Springer gerade
zurückzukehren, aber nach} 21... N6d7 $5 22. g5 Qe6 {[%csl Rb3] wäre der Bauer
b3 angegriffen.}) 22. a5 bxc3 (22... N6d7 23. Na4 c4 24. bxc4 c5 25. Rd6 $36)
23. axb6 Nd7 24. Qc1 Nxe5 (24... Nxb6 25. Qxc3 $16) 25. Nxe5 ({Stärker war} 25.
Qxc3 $5 {, wonach ich die Blockade auf den schwarzen Feldern mittels} g5 (25...
f6 26. g5 $1 $16) {befürchtete. Aber nach} 26. Nxe5 Qxe5 27. Qxe5+ Rxe5 28. Rd7
Rb8 29. Rc7 $16 {ist der weisse Vorteil dank der aktiven Türme unumstritten.})
25... Qxe5 26. f4 Qe7 27. Qxc3+ Kg8 28. g5 $6 (28. e5 Rad8 (28... a5 $2 29. Rd6
Ra6 30. Qxc5) 29. Rc1 Rd4 30. Qxc5 Rxf4 31. Bxc6 Qxc5+ 32. Rxc5 Bxc6 33. Rxc6
Rb4 $14) (28. Rc1 $142 g5 $5 (28... Rad8 29. Qxc5 Qh4 30. Qf2 $16) 29. fxg5
Qxg5 30. e5 $16) 28... a5 {[%csl Rb3][%cal Ga8a6,Ga6b6,Gb6b3]} 29. Rc1 (29. Qf6
Qxf6 30. gxf6 Ra6) (29. h4 Ra6 30. Bh3 Rxb6 31. Rd7 Qf8 $13) (29. Ra1 Ra6 30.
Rxa5 Rxb6 31. e5 $14) 29... Ra6 30. Qxc5 Qxc5+ 31. Rxc5 Rxb6 32. Re3 Bc8 (32...
Ra8 33. f5 $5 $36) (32... Rb5 33. Rec3 $14) 33. Rxa5 {Trotz Bauerngewinn hat
Weiss einen grossen Teil seines Vorteils eingebüsst. Aber ein bisschen drücken
kann er noch.} Be6 34. Re5 (34. Rc5 Bxb3 35. Rec3 Ba4 36. Kf2 $36) 34... Kf8 (
34... Rd8 35. f5 Bxb3 36. Rd3 $1 $36) 35. Rc3 Bxb3 (35... Rxb3 36. Rxc6 $14)
36. Rec5 Ba4 37. Kf2 (37. e5 Rb4 38. R3c4 Rxc4 39. Rxc4 Bb5 40. Rc5 $14) 37...
Rb2+ 38. Kg3 Bb5 39. Bf3 $2 ({Es gab nichts Besseres als den Übergang ins
Turmendspiel mittels} 39. e5 Rc8 40. Bxc6 Bxc6 41. Rxc6 Rxc6 42. Rxc6 {Die
weissen Chancen bleiben hier dank des Raumvorteils ganz gut. Der logische Plan
impliziert den Vorstoss des h-Bauern.}) 39... Kg7 40. f5 (40. e5 h6) 40... f6
41. h4 Rb4 $2 ({Wir litten beide unter den Unanehmlichkeiten der
FIDE-"Bedenk"zeit, und der bosnische Grossmeister übersah meine folgende
Angriffsidee. Nach} 41... gxf5 42. exf5 Re1 43. Bxc6 Rg1+ 44. Kf4 fxg5+ 45.
hxg5 Bxc6 46. f6+ (46. Rxc6 Rf2+ $11) 46... Kg6 47. Rxc6 Rb4+ $11 {wäre das
Remis perfekt.}) 42. Ra3 Re7 (42... Ra4 43. Rxa4 Bxa4 44. Ra5) 43. e5 $1 {
[%csl Rf6] Ein typischer Durchbruch.} Rxe5 44. Rxe5 fxe5 45. f6+ Kf8 46. Ra8+
Kf7 47. Ra7+ Kf8 (47... Ke6 48. Bg4+ Kd6 49. Rd7+ Kc5 50. Rxh7 (50. h5 $5 Rb3+
51. Kh4 Rb4 52. Re7)) (47... Kg8 48. Rg7+ Kh8 49. Rb7 Kg8 50. Bxc6 Rb3+ 51. Kf2
Bc4 52. Rg7+) 48. Rxh7 {[%csl Gf6,Gg5,Rg6][%cal Gh4h5]} Rb3 {In diesem Moment
gingen die Lichter im Spielsaal aus! Erst nach einer guten halben Stunde
konnten die restlichen Partien wieder aufgenommen werden. Im Nachhinein
beschwerte sich natürlich mein Gegner, dass ich während dieser "Pause" über
die Stellung meditieren konnte. Das ist schon wahr, aber die beiden Gewinnwege
hatte ich bereits entdeckt.} 49. Kf2 ({Es gewann auch} 49. h5 Bd3 (49... e4 50.
hxg6 Rxf3+ 51. Kg4 Bc4 52. Rh8+ Bg8 53. f7 Rxf7 54. gxf7 Kxf7 55. Rh6 $18) 50.
Kf2 $1 (50. Bxc6 $2 Bf5+ 51. Kf2 Rb2+ $11) 50... Rb2+ (50... gxh5 51. Rh8+ Kf7
52. Bxh5+ $18) 51. Ke1 $18) 49... Rb2+ 50. Ke1 e4 51. Bh5 $1 {[%cal Gg5g6]}
gxh5 (51... Rb1+ 52. Kd2 e3+ 53. Kxe3) 52. g6 Ke8 53. f7+ (53. Re7+ Kd8 54.
Rxe4 $18) 53... Ke7 54. Rh8 Rb1+ 55. Kd2 1-0

[Event "Bundesliga 0708"]
[Site "Germany"]
[Date "2008.04.20"]
[Round "15.8"]
[White "Pelletier, Yannick"]
[Black "Schebler, Gerhard"]
[Result "1-0"]
[WhiteElo "2607"]
[BlackElo "2455"]
[Annotator "Pelletier,Y"]
[PlyCount "71"]
[EventDate "2007.10.20"]
[EventType "team-tourn"]
[EventRounds "15"]
[EventCountry "GER"]
[SourceTitle "CBM 124"]
[Source "ChessBase"]
[SourceDate "2008.05.28"]
[SourceVersion "1"]
[SourceVersionDate "2008.05.28"]
[SourceQuality "1"]
[WhiteTeam "Werder Bremen"]
[BlackTeam "Muelheim"]
[WhiteTeamCountry "GER"]
[BlackTeamCountry "GER"]

1. d4 Nf6 2. c4 e6 3. Nf3 Bb4+ 4. Bd2 Bxd2+ 5. Qxd2 d5 6. g3 O-O 7. Bg2 Qe7 8.
O-O Nbd7 9. Qc2 c6 10. Nbd2 e5 11. cxd5 Nxd5 12. e4 N5b6 ({Bis hier hatte mein
Gegner all seine Züge blitzartig heruntergespült. Der Textzug ist auch besser
als} 12... N5f6 13. Rfe1 {der aus einer Partie Karpov-Andersson (Reykjavik
1991) bekannt ist. Übrigens die einzige, die der schwedische Grossmeister in
dieser Variante verloren hat (laut der Megabase) !}) 13. Rfe1 {Im kommenden
Endspiel hat Schwarz keine Schwierigkeiten. Deshalb sollte Weiss hier nach
einer Verbesserung suchen. Im Fall eines zweifachen Tausches auf e5 ist er
aber mit dem seinem früheren Zug e4 etwas unglücklich. Vielleicht war ein
komischer Zug wie 13.Rac1 vorzuziehen gewesen.} exd4 14. Nxd4 Qc5 $1 15. Qxc5 (
15. N2f3 Qxc2 16. Nxc2 $11) 15... Nxc5 16. N2b3 (16. Bf1 $6 Rd8) 16... Nca4 (
16... Nd3 17. Re2 Nc4 18. Rd1 Ncxb2 (18... Ndxb2 19. Rc1) 19. Rdd2 Rd8 20. Rxb2
Nxb2 21. Rxb2 {übergeht zur Partie.}) 17. Rab1 Nc4 18. Re2 Rd8 19. Rc2 Ncxb2 {
Schwarz verfügte in den letzten Zügen über einige vernünftige solide
Alternativen. Aber diese Abwicklung ist auch gut möglich.} 20. Rcxb2 Nxb2 21.
Rxb2 c5 22. Nc2 Rd1+ 23. Bf1 Bh3 $6 ({Zum ungefähren Ausgleich hätte} 23... c4
$1 {geführt:} 24. Nbd4 (24. Ne3 Rxf1+ 25. Kxf1 cxb3 26. Rxb3 Be6 $11) 24... c3
25. Rb3 Bh3 26. Ne3 Re1 27. Rxc3 Bxf1 28. Nxf1 Rxe4 $11) 24. Ne3 Re1 (24...
Rad8 $2 25. Nxd1 Rxd1 26. Nd2 c4 27. Rb1 $18) 25. Ng2 {Vermutlich der beste
Weg, der es dem Anziehenden erlaubt, seinen Läufer zu behalten.} Bxg2 (25...
Rxe4 26. Nxc5 {und}) (25... Rd1 26. Nxc5 Rc8 27. Nd3 {sind schlechter}) 26.
Kxg2 {Die weisse Aufgabe besteht darin, seine Kräfte zu aktivieren.} Rd8 (26...
b6 27. Bc4 $16 {[%csl Gd5]}) (26... Rc8 27. Na5 b6 28. Nc4 $16 Rxe4 $140 $2 29.
Nd6) 27. Nd2 $5 (27. Nxc5 {war mir weniger klar, da Schwarz nach} b6 28. Nb7 (
28. Nb3 Rxe4) 28... Rd7 29. Ba6 Kf8 (29... Rxe4 $2 30. Nc5) 30. f3 $14 {
den Nb7 einschränkt.}) 27... b6 28. Bc4 {Eine weisse Figur landet rechtzeitig
nach d5, wonach die d-Linie gestopft wird.} Kf8 29. Bd5 (29. Rc2 $5) 29... Rc1
(29... f5 30. Nf3 $36) 30. g4 c4 $2 ({Mein Gegner übersah, dass mein Turm in
sein Lager eindringen kann. Nach dem richtigen} 30... Ke7 {müsste Weiss noch
genaue Arbeit leisten, um seinen leichten Vorteil zu verwirklichen. Angebracht
wäre zuerst die Verbesserung des Springers mittels} 31. Nf3 ({oder} 31. Nf1 {
[%cal Gf1e3]}) 31... f6 32. Ng1 $5 {[%cal Gg1e2]}) 31. Rb4 Rd1 ({Der Freibauer
erweist sich als harmlos nach} 31... c3 32. Nb3 Rc2 (32... Rb1 33. Rc4) 33. Nd4
) 32. Nf3 Rc8 (32... b5 {hätte noch genaue Rechenarbeit verlangt. Weiss
gewinnt mittels} 33. Rxb5 Rc8 34. Rb7 c3 35. Bxf7 $1 Rcd8 (35... c2 36. Ng5 $18
) 36. Bb3 R1d7 37. Rxd7 Rxd7 38. Kf1 $18) 33. Bxc4 f6 34. Bb3 Rd3 35. e5 Rc5
36. Re4 {Mit weniger als einer Minute auf der Uhr entschied sich Schwarz für
diese recht frühe Partieaufgabe.} 1-0

[Event "Mitropa Cup 24th"]
[Site "Steinbrunn"]
[Date "2005.05.28"]
[Round "8"]
[White "Di Caro, Calogero"]
[Black "Pelletier, Yannick"]
[Result "0-1"]
[WhiteElo "2370"]
[BlackElo "2610"]
[Annotator "Pelletier,Y"]
[PlyCount "68"]
[EventDate "2005.05.21"]
[EventType "team-tourn"]
[EventRounds "9"]
[EventCountry "AUT"]
[SourceTitle "CBM 106 Extra"]
[Source "ChessBase"]
[SourceDate "2005.07.01"]
[SourceVersion "1"]
[SourceVersionDate "2005.07.01"]
[SourceQuality "1"]
[WhiteTeam "Switzerland"]
[BlackTeam "Italy"]
[WhiteTeamCountry "SUI"]
[BlackTeamCountry "ITA"]

1. Nf3 Nf6 2. c4 e6 3. g3 d5 4. d4 Bb4+ 5. Bd2 Be7 6. Bg2 O-O 7. O-O c6 8. Qb3
Nbd7 9. Bb4 Ne4 ({Keine besondere glückliche Neuerung, aber zumindest ein Zug,
der interessantere Stellungen hervorbringt als} 9... Bxb4 10. Qxb4) 10. Bxe7
Qxe7 11. Nc3 $6 ({Weiß bekommt Vorteil nach} 11. Nbd2 f5 (11... Nxd2 12. Nxd2
dxc4 13. Nxc4 e5 14. Qe3 $1 Re8 15. dxe5 Nxe5 16. Rfd1 $1 $14) 12. Rac1 {
, weil 12...b6 13.cxd5 exd5 unmöglich ist. Schwarz müsste sich also mit dem
passiven} Ndf6 13. Rc2 Qc7 14. Ne5 Bd7 $14 {begnügen.}) 11... f5 12. Rac1 Kh8 (
12... b6 $4 13. cxd5 exd5 14. Nxd5) 13. Rc2 b6 14. cxd5 ({Sicher verfrüht, aber
} 14. Rfc1 Bb7 15. e3 Rac8 {ist auch in Ordnung für Schwarz.}) 14... exd5 15.
Rfc1 (15. Qa4 Bb7 16. Nxd5 {genügt nicht:} cxd5 17. Rc7 Bc8 18. Ne5 Nef6 19.
Rfc1 Qe8 $17) 15... Bb7 16. e3 Rac8 17. Ne2 Ba6 (17... g5 $5) 18. Bf1 Bc4 19.
Qa4 g5 20. Nc3 Bxf1 ({Das geplante} 20... b5 {scheitert an} 21. Qxa7 Qd6 $1 (
21... Ra8 22. Qb7 Qd6 23. Nxe4 fxe4 24. Nxg5 $16) 22. Nxe4 fxe4 23. Nxg5 h6 24.
Bxc4 bxc4 25. Nxe4 (25. Nh3 Ra8 26. Qb7 Rfb8) 25... dxe4 26. Qa6 {mit vielen
Bauern für die Figur.}) 21. Rxf1 (21. Kxf1 Qe6 $36 22. h4 $140 (22. Qxa7 Ra8
23. Qc7 Rfc8) 22... h6 23. hxg5 hxg5 {[%cal Gh8g7,Gf8h8,Gh8h1]}) 21... f4 22.
exf4 (22. Qxa7 fxg3 $1 23. Ne5 (23. fxg3 g4 24. Ne5 Rxf1+ 25. Kxf1 Rf8+ 26. Ke1
Qf6) 23... gxh2+ 24. Kxh2 Nef6 $36) 22... gxf4 23. Ne2 Qe6 24. Kg2 Rf6 $6 ({
Ein unnötiges Bauernopfer. Das bescheidene} 24... a5 {behält den Bauern, ohne
dass der Angriff an Stärke einbüsst. Z.B:} 25. Rfc1 fxg3 26. fxg3 Rf6 $17) 25.
Qxa7 Rcf8 26. Neg1 (26. Qc7 c5 $36) 26... h5 (26... fxg3 27. hxg3 (27. fxg3 h5)
27... Rxf3 28. Nxf3 Rxf3 29. Qa8+ (29. Kxf3 Ng5+ $19) 29... Rf8 30. Qxc6 Qg4
31. Qxd5 Nxg3 32. fxg3 Rxf1 33. Kxf1 Qd1+ 34. Kg2 Qxc2+ 35. Kf3 $15) 27. Qc7 h4
28. Ne5 $2 ({Mittels} 28. Nxh4 {hätte sich Weiß retten können:} fxg3 29. hxg3
Nxg3 30. Kxg3 Rg8+ 31. Kh2 Qg4 (31... Rh6 32. Rc3 Rxh4+ 33. Rh3 Qe4 (33...
Rxh3+ 34. Nxh3 Nf6 35. f3 $13) 34. Rxh4+ Qxh4+ 35. Nh3 Nf6 (35... Rg7 36. Qxc6
Nf6 37. Qc8+ Rg8 38. Qc3) 36. Qe5 Rg7 37. f3 Re7 38. Qf4 Re2+ 39. Kg1 Qxf4 40.
Nxf4 Rxb2 41. Rc1 $11) 32. Qg3 (32. Rc3 Rxf2+ 33. Rxf2 Qxg1+ 34. Kh3 Qxf2 35.
Rf3 Qg1 $40) 32... Qxg3+ (32... Qe4 33. Re2 Rxg3 34. Rxe4 Rxg1 35. Kxg1 dxe4
36. Re1 $16) 33. fxg3 Rxf1 34. Rxc6 Rf2+ 35. Kh3 Rxb2 36. Rh6+ Kg7 37. Rd6 $11)
28... Nxe5 (28... f3+ $2 29. Ngxf3 h3+ 30. Kg1) (28... h3+ 29. Nxh3 Nxe5 30.
Nxf4 Rxf4 31. Qxe5+) 29. Qxe5 h3+ 30. Kh1 fxg3 (30... Qxe5 $2 31. dxe5 fxg3 32.
Nxh3) 31. hxg3 Qxe5 32. dxe5 Nxg3+ (32... Nxf2+) 33. fxg3 Rxf1 34. Rxc6 Re1 0-1

[Event "Biel GM"]
[Site "Biel"]
[Date "2002.07.31"]
[Round "9"]
[White "Dreev, Alexey"]
[Black "Pelletier, Yannick"]
[Result "1-0"]
[WhiteElo "2676"]
[BlackElo "2571"]
[Annotator "Pelletier,Y"]
[PlyCount "81"]
[EventDate "2002.07.22"]
[EventType "tourn"]
[EventRounds "10"]
[EventCountry "SUI"]
[EventCategory "16"]
[SourceTitle "CBM 091"]
[Source "ChessBase"]
[SourceDate "2002.11.12"]
[SourceVersion "1"]
[SourceVersionDate "2002.11.12"]
[SourceQuality "1"]

1. d4 Nf6 2. c4 e6 3. Nf3 Bb4+ 4. Bd2 a5 5. Qc2 Bxd2+ ({Einfacher ist
vielleicht} 5... d5) 6. Nbxd2 d5 7. g3 O-O 8. Bg2 b6 9. O-O ({Ich hielt} 9. e4
{für kritisch, aber Dreev zeigte nach der Partie die Variante} dxc4 $1 (9...
dxe4 10. Nxe4 Bb7 11. Nxf6+ Qxf6 12. Ng5 $36) 10. Nxc4 Bb7 {[%csl Re4] ,
wonach e4 schützbedürftig ist.}) 9... Bb7 10. Ne5 Na6 11. Rfd1 ({Verlockend war
} 11. c5 $6 {, aber nach} bxc5 12. dxc5 Nd7 $1 {hat Schwarz kaum Probleme:} 13.
Ndf3 (13. c6 Nxe5 14. cxb7 Rb8 15. Qc3 Qd6 $13) 13... Nxe5 14. Nxe5 f6 $13)
11... c5 12. cxd5 (12. dxc5 Nxc5 $5 (12... bxc5 13. Ne4 $140 Nb4 14. Qb1 Nxe4
15. Bxe4 f5 16. Bg2 Qc7 {/\ d4}) 13. cxd5 Bxd5 $11) 12... exd5 $5 ({Vielleicht
würde ich in einer nächsten Partie auf d5 mit dem Läufer nehmen. Nach} 12...
Bxd5 13. Ne4 (13. e4 Bb7 $11) 13... Nb4 14. Qb1 Nxe4 15. Bxe4 f5 {steht
Schwarz nicht schlechter.}) 13. b3 $5 {Ein guter positionneller Zug, auch wenn
Schwarz manchmal die Möglichkeit bekommt, auf der a-Linie mittels a4 aktiv zu
werden. Nach 13. b3 findet die Dame auf b2 ein passendes Feld auf der langen
Diagonale, wobei sie auch gelegentlich den Druck gegen c5 verstärken kann (Qa3)
.} Qe7 14. Qb2 Rfd8 (14... Nc7 15. Nec4 (15. Rac1 Ne6 16. e3 a4 $132) 15... Ra6
16. Ne3 {ändert wenig zur Partiefolge.}) 15. Rac1 Nc7 16. Nec4 $1 ({Der
richtige Springer! Während der Partie hatte ich mich auf} 16. Ndc4 {
konzentriert, was aber wegen} Ra6 17. Ne3 Ne6 18. Nf5 Qe8 19. dxc5 (19. e3 a4
$132) 19... bxc5 20. Nd3 Rc8 {unklar ist}) ({Eine andere Vorgehensweise,
nämlich} 16. dxc5 bxc5 17. Nd3 {, ist wegen} Ne6 18. Qa3 Ba6 $5 {weniger gut.})
16... Ra6 {Der Turm steht hier übrigens nicht so schlecht. Einerseits
unterstützt er dank der möglichen Verdoppelung den Vorstoss a4, andererseits
kann er entlang der 6. Reihe auch defensive Aufgaben übernehmen.} 17. Ne3 g6 ({
Nicht} 17... a4 $6 18. b4 $1) 18. Nf3 Ne6 $6 ({Nach der Partie waren wir uns
einig, dass hierhin die Ursache der kommenden schwarzen Schwierigkeiten liegt.
Aber auch nach} 18... a4 19. bxa4 c4 (19... Bc6 20. a5 $1) (19... Ne6 20. a5)
20. Ne5 {hätte Weiß eine fühlbare Initiative behauptet.}) 19. Bh3 $1 a4 ({
Hier verdiente} 19... Ne4 {[%cal Ge4c5] den Vorzug, um nach} 20. Bxe6 {mit der
Dame zurücknehmen zu können. In diesem Fall würde Weiß mittels} Qxe6 21. Nd2 $1
{[%csl Rb7,Yc5][%cal Yd2e4] nur leicht besser stehen.}) 20. Bxe6 fxe6 21. Ne5 {
Der Abtauch auf e6 war klar günstig für Weiß, der jetzt über zwei starke
Springer verfügt. Schwarz hingegen verbleibt mit einem passiven Läufer, der
bis zum Ende der Partie eine traurige Rolle spielen wird.} Rda8 $2 ({Ich
verzichtete auf} 21... axb3 22. axb3 Rda8 {wegen} 23. Ra1 {, aber das war die
einzige vernünftige Fortsetzung. Weiß steht zwar nach} Rxa1 24. Rxa1 Rxa1+ 25.
Qxa1 $14 {[%csl Rb7,Ge5] besser, aber die Lage wäre bei weitem nicht so
schlimm gewesen wie in der Partie. Ich übersah nämlich die starke Antwort
meines Gegners.}) 22. N5g4 $1 {[%cal Gb2h8]} Nxg4 (22... axb3 {geht nicht wegen
} 23. dxc5 $1 Nxg4 24. Nxg4 h5 25. cxb6 $1 Rxa2 (25... bxa2 26. Nh6+ Kh7 27.
Rc7) 26. Nh6+ Kh7 27. Qxb3 $16) ({genau so wenig wie} 22... h5 23. Ne5 {
[%csl Rg6]} axb3 24. axb3 $36) 23. Nxg4 Qg7 (23... Qg5 24. h3 h5 (24... axb3 $6
25. f4 $1) 25. f4 Qe7 26. Ne5 $16) (23... e5 24. dxc5 d4 (24... axb3 25. cxb6 (
25. axb3 d4) 25... Rxa2 26. Qxb3 $16) (24... bxc5 25. Qxe5 Qxe5 26. Nxe5 axb3
27. axb3 $16) 25. cxb6 (25. c6 Bc8 26. Nxe5 Qxe5 27. Rxd4 $16) 25... Rxb6 26.
f4 $18) 24. b4 $1 $16 {[%csl Ra6,Ra8,Rb7] Die Krönung der weißen Strategie.
Der Damenflügel wird dicht gemacht und Weiß erhält freie Hand auf der anderen
Seite.} a3 25. Qd2 c4 26. Rc3 {Methodisch führt Dreev alle seine Kräfte zum
Königsflügel, ohne das geringste Gegenspiel zuzulassen.} b5 27. Rb1 $6 Bc6 $6 (
{Die letzte praktische Chance bestand in} 27... g5 {[%cal Yb7c6,Yc6e8,Ye8g6] ,
auch wenn} 28. Re3 {[%csl Re6] immer noch klaren Vorteil verspricht. Aber
vielleicht wäre dann mein Läufer glücklicher gestorben!}) 28. Ne5 Be8 29. h4 {
[%cal Rg6g5]} Qe7 $138 30. Rf3 $18 Rc8 31. Ng4 Qg7 32. Rc1 h5 (32... Ra4 33.
Qf4) 33. Nf6+ Kh8 34. Rcc3 Rca8 35. Qf4 Bc6 36. Qe5 Be8 37. Rf4 Rc8 38. Kh2
Rca8 39. g4 hxg4 (39... Rc6 40. gxh5 gxh5 41. Rg3) 40. Rxg4 R6a7 41. h5 1-0

[Event "Champigny sur Marne op"]
[Site "Champigny sur Marne"]
[Date "1984.03.??"]
[Round "?"]
[White "Plachetka, Jan"]
[Black "Lebredo Zaragoitia, Gerardo"]
[Result "1-0"]
[WhiteElo "2440"]
[BlackElo "2375"]
[Annotator "Plachetka,J"]
[PlyCount "63"]
[EventDate "1984.04.01"]
[EventType "swiss"]
[EventRounds "9"]
[EventCountry "FRA"]
[SourceTitle "EXT 2015"]
[Source "ChessBase"]
[SourceDate "2014.11.20"]
[SourceVersion "1"]
[SourceVersionDate "2014.11.20"]
[SourceQuality "1"]

1. d4 e6 2. Nf3 Nf6 3. c4 Bb4+ 4. Bd2 a5 5. g3 d5 6. Bg2 dxc4 7. O-O Nc6 8. Bg5
(8. e3 Nd5 9. Qe2 Nb6 10. Bc3 O-O 11. Nbd2 {1/2-1/2 (11) Ortega,L (2425)-Rivas
Pastor,M (2465) Havana 1983}) 8... Be7 9. Nc3 $146 (9. Qa4 O-O 10. Qxc4 h6 11.
Bf4 Nd5 12. Nc3 g5 13. Bd2 Nb6 14. Qd3 Nb4 15. Qb1 Nc4 16. Rd1 Nd5 17. Ne5 Nxd2
18. Rxd2 c6 19. e4 Nxc3 20. bxc3 Kg7 21. f4 f6 22. Nf3 g4 23. Ne1 e5 24. Nc2 b5
25. Kh1 Qc7 26. Qf1 h5 27. Ne3 b4 28. Rc1 Qa7 29. Qc4 bxc3 30. Rxc3 Bb4 31.
dxe5 fxe5 32. Qxc6 Bxc3 33. Qxc3 Re8 34. fxe5 Qb8 35. e6+ Kg6 36. Rb2 Qd6 37.
e5 Qa6 38. Qc2+ Kg7 {Schussler,H (2495)-Hartmann,W (2275) Germany 1982 1-0 (80)
}) 9... h6 10. Bf4 Nd5 11. Bc1 O-O 12. e4 Nb6 $6 {Les Noirs décident de
s'accrocher au P"c4" mais le fort centre Blanc sera une compensation suffisante
} (12... Ndb4 $5) 13. Be3 a4 14. a3 Na5 15. Qe2 Nb3 16. Rad1 Qe8 17. Rfe1 f6
18. Nd2 Nxd2 19. Rxd2 Ra5 20. d5 $36 Bc5 21. d6 cxd6 22. Bxc5 Rxc5 23. Rxd6 $16
Nd7 24. f4 e5 25. Red1 (25. Nxa4) 25... Nb8 26. Qe3 Rc6 27. f5 {[%csl Rg6]}
Rxd6 28. Rxd6 Nc6 29. Qc5 Nd4 30. Bf1 Bd7 (30... Kh7) 31. Bxc4+ Kh7 32. Rxd7
1-0